| 000 | 00724nam a22002297a 4500 | ||
|---|---|---|---|
| 005 | 20170124110230.0 | ||
| 010 | _aA-878285 | ||
| 020 |
_c295.00 _a812031154 |
||
| 035 | _aA-878285 | ||
| 037 | _bCen Lib/Ret | ||
| 040 |
_aDPL _bEN |
||
| 082 |
_a001.64404 _bMUL |
||
| 100 |
_aMueller, John Paul _941210 |
||
| 245 |
_aPeter Norton's guide to Delphi 2 / _cby John Paul Mueller |
||
| 260 |
_aNew Delhi _bPrentice-Hall of India _c1997 |
||
| 270 |
_aM-97, Connaught Circus _bNew Delhi _e110001 |
||
| 300 |
_axii,789p. : _c23cm(Hb) _bill. |
||
| 500 | _aIncludes index | ||
| 650 |
_aDelphi (Computer file) _941211 |
||
| 650 |
_aComputer software--Development _937160 |
||
| 942 |
_2ddc _cEN _h001.64404 _mMUL |
||
| 999 |
_c134607 _d134607 |
||